Unleashing entrepreneurial capabilities of urban poor (Record no. 524001)

000 -LEADER
fixed length control field 00802nam a22001577a 4500
008 - FIXED-LENGTH DATA ELEMENTS--GENERAL INFORMATION
fixed length control field 231020b ||||| |||| 00| 0 eng d
100 ## - MAIN ENTRY--PERSONAL NAME
Personal name Nagesulhasini, R. and Imajyothi, V.
245 ## - TITLE STATEMENT
Title Unleashing entrepreneurial capabilities of urban poor
260 ## - PUBLICATION, DISTRIBUTION, ETC. (IMPRINT)
Place of publication, distribution, etc Nagarlok
300 ## - PHYSICAL DESCRIPTION
Extent 55(1), Mar, 2023: p.59-76
520 ## - SUMMARY, ETC.
Summary, etc Urban poverty is one the worst maladies. This study suggests the need to think beyond the traditional way of approaching poverty such as providing monetary assistance or in-kind transfers. Though employment opportunities have been included in the right point of entry is indeed a huge mistake. – Reproduced
650 ## - SUBJECT ADDED ENTRY--TOPICAL TERM
Topical term or geographic name as entry element Urban poverty, Sustainable livelihoods, National urban livelihood mission.
9 (RLIN) 41130
773 ## - HOST ITEM ENTRY
Main entry heading Nagarlok
906 ## - LOCAL DATA ELEMENT F, LDF (RLIN)
Subject DIP POVERTY
942 ## - ADDED ENTRY ELEMENTS (KOHA)
Item type Articles
Holdings
Withdrawn status Lost status Source of classification or shelving scheme Damaged status Not for loan Permanent location Current location Date acquired Serial Enumeration / chronology Barcode Date last seen Koha item type
          Indian Institute of Public Administration Indian Institute of Public Administration 2023-10-20 55(1), Mar, 2023: p.59-76 AR129885 2023-10-20 Articles

Powered by Koha